| 000 | 01302nam a22003614c 4500 | ||
|---|---|---|---|
| 001 | 198059 | ||
| 003 | ES-MaACL | ||
| 005 | 20260212063012.0 | ||
| 007 | ta | ||
| 008 | 260113s2019 sp a | |||| 000 0 spa | ||
| 017 |
_aM 133-2019 _bOficina Depósito Legal Madrid |
||
| 020 | _a978-84-17506-80-3 | ||
| 040 |
_aES-MaACL _bspa _cES-MaACL _erda |
||
| 080 | _a511(091) | ||
| 100 | 1 |
_aMateos, Francisco Javier _d1970- _4aut _9242716 _eaut |
|
| 245 | 1 | 0 |
_aEn el principio fue el número : _bla humanidad aprende a contar / _cFrancisco Javier Mateos Maroto |
| 264 | 1 |
_a[Barcelona] : _bEmse Edapp, S.L. ; _c2019 |
|
| 264 | 4 | _c©2019 | |
| 300 |
_a140 páginas : _bilustraciones (blanco y negro) ; _c24 cm |
||
| 336 |
_aTexto _2rdacontent |
||
| 337 |
_asin mediación _2rdamedia |
||
| 338 |
_avolumen _2rdacarrier |
||
| 490 | 0 | _aGrandes ideas de las matemáticas | |
| 504 | _aBibliografía: páginas 139-140. Índice | ||
| 650 | 4 |
_aNúmeros- _vHistoria _915647 |
|
| 852 |
_aES-MaACL _cDEPO1 _jA-15914 _hDonación: José Lázaro García _xEncuadernación cartoné _9207048 |
||
| 901 | _aMON20 | ||
| 942 |
_cMONOGRAFIA _n0 |
||
| 956 | _a2 | ||
| 999 |
_c198059 _d198059 |
||